| 000 | 00520nam a22001937a 4500 | ||
|---|---|---|---|
| 008 | 131126b xxu||||| |||| 00| 0 eng d | ||
| 020 | _a9783708305691 | ||
| 041 | 0 | _aeng | |
| 080 | _a343.6 | ||
| 245 | 0 | 0 |
_aICTY: Towards a Fair Trail ? / _ceditor : Thomas Kruessmann |
| 260 |
_aWien : _bNWV verlag ; _c2008. |
||
| 300 |
_a416 f. : _c22 cm. |
||
| 500 | _aPreface : f. 7 - 8 | ||
| 505 | _aBibliography ; f. 395-414 | ||
| 650 | 0 | _aE drejta penale | |
| 650 | 0 | _aGjykimi | |
| 700 | 1 | _aKruessmann, Thomas | |
| 942 |
_2udc _cBK |
||
| 999 |
_c357 _d357 |
||